| 000 | 02076nam0a2200349 4500 | ||
|---|---|---|---|
| 001 | RU\NLR\bibl\1712394 | ||
| 005 | 20260405224027.0 | ||
| 010 |
_a978-5-89575-172-5 _9300 |
||
| 021 |
_aRU _b2010-88756 _95958 |
||
| 035 | _a(nilc)RSL-KNO-004828177 | ||
| 035 | _a(NLR Aleph) 001703422 | ||
| 090 |
_a1234877 _c1234877 |
||
| 100 | _a20101115d2010 |||y0rusy50 ca | ||
| 101 | 0 | _arus | |
| 102 | _aRU | ||
| 105 | _aa ||||||||| | ||
| 200 | 1 |
_aМелкомасштабное почвенное картографирование _eучебное пособие для студентов высших учебных заведений, обучающихся по специальности и направлению "География" _fМ. И. Герасимова, И. П. Гаврилова, М. Д. Богданова _gпод ред. Л. Ф. Январевой _gМосковский гос. ун-т им. М. В. Ломоносова |
|
| 210 |
_aМосква _cГеографический факультет МГУ _d2010 |
||
| 215 |
_a97, [1] с., [10] л. цв. ил., к. _cил., портр., табл. _d30 |
||
| 320 | _aБиблиогр.: с. 96-97 | ||
| 606 | 1 |
_aПочвенное картографирование _jУчебные издания для высших учебных заведений _91853535 _3RU\NLR\auth\66840093 |
|
| 686 |
_aД174.563я73-1 _2rubbk |
||
| 686 | _aП035с1я73 | ||
| 700 | 1 |
_4070 _7ca _8rus _aГерасимова _bМ. И. _cд-р биол. наук, канд. геогр. наук _f1940- _gМария Иннокентьевна _917335 _3RU\NLR\auth\7734331 |
|
| 701 | 1 |
_4070 _7ca _8rus _aГаврилова _bИ. П. _cканд. геогр. наук _f1928- _gИрина Павловна _985077 _3RU\NLR\auth\77102151 |
|
| 701 | 1 |
_4070 _7ca _8rus _aБогданова _bМ. Д. _cканд. геогр. наук _gМария Данииловна _985076 _3RU\NLR\auth\77102150 |
|
| 801 | 0 |
_aRU _bRuMoRKP _c20101115 _grcr |
|
| 801 | 1 |
_aRU _bRuMoRGB _c20101115 |
|
| 801 | 2 |
_aRU _bNLR _c20101210 _grcr |
|
| 942 | _cBOOK | ||
| 980 | _aNB | ||